Безгрешность: роман; пер. с англ.

Bibliografske podrobnosti
Glavni avtor: Франзен Дж. Джонатан
Drugi avtorji: Мотылев Л. Леонид (переводчик), Сумм Л. Любовь
Izvleček:Двадцатитрехлетняя Пип ненавидит свое полное имя, не знает, кто ее отец, не может расплатиться с учебным долгом, не умеет строить отношения с мужчинами. Она выросла с эксцентричной матерью, которая боготворит единственную дочь и наотрез отказывается говорить с ней о своем прошлом. Пип не догадывается, сколько судеб она связывает между собой и какой сильной ее делает способность отличать хорошее от плохого. Следуя за героиней в ее отважном поиске самой себя, Джонатан Франзен затрагивает важнейшие проблемы, стоящие перед современным обществом: это и тоталитарная сущность интернета, и оружие массового поражения, и наследие социализма в Восточной Европе. Однако, несмотря на неизменную монументальность и верность классической традиции, "Безгрешность", по признанию критиков, стала самым личным и тонким романом Франзена.
Jezik:ruščina
Izdano: Москва, АСТ, 2017
Teme:
Format: Knjiga
KOHA link:https://koha.lib.tpu.ru/cgi-bin/koha/opac-detail.pl?biblionumber=343759

MARC

LEADER 00000nam0a2200000 4500
001 343759
005 20231102005607.0
010 |a 9785170919109 
035 |a (RuTPU)RU\TPU\book\374347 
090 |a 343759 
100 |a 20191029d2017 m y0rusy50 ca 
101 1 |a rus  |c eng 
102 |a RU 
105 |a y z 000ay 
200 1 |a Безгрешность  |e роман  |e пер. с англ.  |f Дж. Франзен  |g пер. Л. Мотылев, Л. Сумм 
210 |a Москва  |c АСТ  |c CORPUS  |d 2017 
215 |a 733 с. 
330 |a Двадцатитрехлетняя Пип ненавидит свое полное имя, не знает, кто ее отец, не может расплатиться с учебным долгом, не умеет строить отношения с мужчинами. Она выросла с эксцентричной матерью, которая боготворит единственную дочь и наотрез отказывается говорить с ней о своем прошлом. Пип не догадывается, сколько судеб она связывает между собой и какой сильной ее делает способность отличать хорошее от плохого. Следуя за героиней в ее отважном поиске самой себя, Джонатан Франзен затрагивает важнейшие проблемы, стоящие перед современным обществом: это и тоталитарная сущность интернета, и оружие массового поражения, и наследие социализма в Восточной Европе. Однако, несмотря на неизменную монументальность и верность классической традиции, "Безгрешность", по признанию критиков, стала самым личным и тонким романом Франзена. 
606 1 |a Американская литература (англо-язычная литература)  |2 stltpush  |3 (RuTPU)RU\TPU\subj\28887  |9 52349 
610 1 |a романы 
610 1 |a проза 
675 |a 82  |v 4 
700 1 |a Франзен  |b Дж.  |g Джонатан 
702 1 |a Мотылев  |b Л.  |g Леонид  |4 730 
702 1 |a Сумм  |b Л.  |g Любовь  |4 730 
801 1 |a RU  |b 63413507  |c 20191029 
801 2 |a RU  |b 63413507  |c 20191128  |g RCR 
942 |c BK